Likvidita obligácií a niektoré jej aspekty na slovenskom kapitálovom trhu
Obligácie ako druh finančných aktív sú spojené so základnými atribútmi: výnos, riziko, likvidita. Likvidita ako jedna z funkcií finančného trhu. Základné charakteristiky likvidných aktív: cenová stabilita, reverzibilita, obchodovateľnosť. Teória preferencie likvidity. Trh s obligáciami na Slovensku...
Uložené v:
| Hlavný autor: | |
|---|---|
| Médium: | Kapitola |
| Jazyk: | Slovak |
| Predmet: | |
| Tagy: |
Žiadne tagy, Buďte prvý, kto otaguje tento záznam!
|
MARC
| LEADER | 00000naa a2200000 4500 | ||
|---|---|---|---|
| 001 | r033459 | ||
| 005 | 20240502071331.3 | ||
| 041 | 0 | |a slo | |
| 044 | |a SK | ||
| 245 | 1 | 0 | |a Likvidita obligácií a niektoré jej aspekty na slovenskom kapitálovom trhu |c Božena Chovancová |
| 520 | |a Obligácie ako druh finančných aktív sú spojené so základnými atribútmi: výnos, riziko, likvidita. Likvidita ako jedna z funkcií finančného trhu. Základné charakteristiky likvidných aktív: cenová stabilita, reverzibilita, obchodovateľnosť. Teória preferencie likvidity. Trh s obligáciami na Slovensku a jeho likvidita. | ||
| 610 | 2 | 0 | |a obligácie |
| 610 | 2 | 0 | |a trh kapitálový |
| 610 | 2 | 0 | |a Slovensko |
| 610 | 2 | 0 | |a likvidita |
| 100 | 1 | |a Chovancová, Božena | |